[Event "Varna op-B 9th"]
[Site "Varna"]
[Date "2015.07.02"]
[Round "7"]
[White "Kazakov, Danail"]
[Black "Kirchev, Krasimir"]
[Result "1-0"]
[WhiteElo "1866"]
[BlackElo "1898"]
[PlyCount "107"]
[EventDate "2015.06.26"]
[EventType "swiss"]
[EventRounds "9"]
[EventCountry "BUL"]
[SourceTitle "EXT 2016"]
[Source "ChessBase"]
[SourceDate "2015.10.08"]
[SourceVersion "1"]
[SourceVersionDate "2015.10.08"]
[SourceQuality "1"]

1. d4 d5 2. Bf4 c5 3. e3 Nc6 4. Nf3 Bf5 5. c3 e6 6. Bd3 Bxd3 7. Qxd3 Nf6 8. Nbd2 Bd6 9. Bg5 h6 10. Bh4 Qb6 11. dxc5 Qxc5 12. Nb3 Qb6 13. Nfd4 a6 14. f3 Ne5 15. Qe2 Nc4 16. Bf2 Qc7 17. g3 g6 18. f4 Ne4 19. Rb1 h5 20. Nf3 f5 21. 0-0 h4 22. Kg2 g5 23. Nfd2 hxg3 24. Bxg3 g4 25. Nxe4 dxe4 26. Nd4 Kf7 27. Rbd1 b5 28. b3 Nb6 29. Qd2 Nc8 30. Nxe6 Qc6 31. Qd4 Rg8 32. Qg7+ Rxg7 33. Nd8+ Ke7 34. Nxc6+ Kd7 35. Nd4 Rf7 36. c4 bxc4 37. bxc4 Kc7 38. Ne6+ Kd7 39. Ng5 Ke8 40. Nxf7 Kxf7 41. Rd5 Ke6 42. Rfd1 Rb8 43. c5 Be7 44. Re5+ Kf7 45. Rxf5+ Kg6 46. Rfd5 Rb2+ 47. R1d2 Rb1 48. f5+ Kg5 49. Bf4+ Kh4 50. c6 Rc1 51. c7 Bb4 52. Rd8 g3 53. h3 Bc3 54. Rxc8 1-0

[Event "Varna op-B 9th"]
[Site "Varna"]
[Date "2015.06.27"]
[Round "2"]
[White "Kirchev, Krasimir"]
[Black "Dimov, Iskren"]
[Result "1-0"]
[WhiteElo "1898"]
[BlackElo "1650"]
[PlyCount "111"]
[EventDate "2015.06.26"]
[EventType "swiss"]
[EventRounds "9"]
[EventCountry "BUL"]
[SourceTitle "EXT 2016"]
[Source "ChessBase"]
[SourceDate "2015.10.08"]
[SourceVersion "1"]
[SourceVersionDate "2015.10.08"]
[SourceQuality "1"]

1. Nf3 Nf6 2. d4 d5 3. c4 e6 4. Qc2 Be7 5. Bg5 0-0 6. cxd5 exd5 7. Nc3 Nbd7 8. e3 h6 9. Bh4 c6 10. Bd3 Re8 11. 0-0 Nf8 12. Bxf6 Bxf6 13. b4 Ne6 14. Na4 Bd7 15. Rab1 b5 16. Nc5 Nxc5 17. Qxc5 a5 18. a3 axb4 19. axb4 Ra4 20. Rfc1 Be7 21. Qc3 Bd6 22. Bc2 Ra6 23. Ne5 Bxe5 24. dxe5 Qe7 25. f4 Rea8 26. Qd4 f6 27. exf6 Qxf6 28. Qd3 Ra3 29. Qh7+ Kf7 30. e4 dxe4 31. Bxe4 Re3 32. Rd1 Bg4 33. Re1 Rxe1+ 34. Rxe1 Qd4+ 35. Kh1 Ra1 36. Qg6+ Kf8 37. Bb1 Be2 38. Qf5+ Qf6 39. Qc8+ Kf7 40. h3 Qxf4 41. Bg6+ Kxg6 42. Qxc6+ Kh7 43. Rxa1 Bd3 44. Qc3 Be4 45. Re1 Bf5 46. Re7 Qf1+ 47. Kh2 Qf4+ 48. Qg3 Qxg3+ 49. Kxg3 Bd3 50. Re6 Bc4 51. Rd6 h5 52. Kh4 g6 53. Kg5 Bf7 54. Rb6 Be8 55. Rb7+ Kg8 56. Kf6 1-0

[Event "Plovdiv Bulgarian op 37th"]
[Site "Plovdiv"]
[Date "2015.02.01"]
[Round "1"]
[White "Kirchev, Krasimir"]
[Black "Spasov, Vasil"]
[Result "0-1"]
[WhiteElo "1886"]
[BlackElo "2559"]
[PlyCount "32"]
[EventDate "2015.02.01"]
[EventType "swiss"]
[EventRounds "9"]
[EventCountry "BUL"]
[SourceTitle "CBM 164 Extra"]
[Source "ChessBase"]
[SourceDate "2015.03.02"]
[SourceVersion "1"]
[SourceVersionDate "2015.03.02"]
[SourceQuality "1"]

1. d4 Nf6 2. Bg5 e6 3. Nd2 h6 4. Bh4 c5 5. c3 Nc6 6. e3 b6 7. Ngf3 Bb7 8. Bd3 Be7 9. 0-0 0-0 10. Qe2 cxd4 11. exd4 Nh5 12. Bxe7 Nxe7 13. Qe5 Nf6 14. Rae1 Rc8 15. Ne4 Nxe4 16. Bxe4 Ba6 0-1

[Event "Albena Masters op"]
[Site "Albena"]
[Date "2014.06.08"]
[Round "8"]
[White "Vasileva, Cveta"]
[Black "Kirchev, Krasimir"]
[Result "0-1"]
[WhiteElo "1594"]
[BlackElo "1862"]
[PlyCount "86"]
[EventDate "2014.06.01"]
[EventType "swiss"]
[EventRounds "9"]
[EventCountry "BUL"]
[SourceTitle "CBM 160 Extra"]
[Source "ChessBase"]
[SourceDate "2014.07.01"]
[SourceVersion "1"]
[SourceVersionDate "2014.07.01"]
[SourceQuality "1"]

1. d4 d5 2. c4 c6 3. Nc3 Nf6 4. Nf3 a6 5. cxd5 cxd5 6. e3 Nc6 7. a3 Bf5 8. Nh4 Bg4 9. f3 Bh5 10. g3 e6 11. Qc2 Nd7 12. Be2 Be7 13. Ng2 Bg6 14. Bd3 Nb6 15. Qe2 0-0 16. 0-0 Rc8 17. Bd2 Na5 18. b4 Nb3 19. Rab1 Nxd2 20. Qxd2 Nc4 21. Qe2 Nxa3 22. Rb3 Nc4 23. Na4 b6 24. Nf4 Qd7 25. Nb2 Bxd3 26. Nbxd3 f6 27. Ra1 e5 28. dxe5 fxe5 29. Ng2 a5 30. bxa5 bxa5 31. Kh1 a4 32. Rbb1 a3 33. Rb3 Rb8 34. Qa2 Qa4 35. Rxb8 Rxb8 36. e4 Qb3 37. Nge1 Qxa2 38. Rxa2 dxe4 39. fxe4 Kf7 40. Kg2 Rb2+ 41. Nxb2 axb2 42. Rxb2 Nxb2 43. Kf3 Bc5 0-1

[Event "BUL-ch sf 77th"]
[Site "Plovdiv"]
[Date "2013.02.11"]
[Round "1"]
[White "Stoinev, Metodi"]
[Black "Kirchev, Krasimir"]
[Result "1/2-1/2"]
[WhiteElo "2237"]
[BlackElo "1958"]
[PlyCount "87"]
[EventDate "2013.02.11"]
[EventType "swiss (rapid)"]
[EventRounds "9"]
[EventCountry "RUS"]
[SourceTitle "CBM 152 Extra"]
[Source "ChessBase"]
[SourceDate "2013.02.25"]
[SourceVersion "1"]
[SourceVersionDate "2013.02.25"]
[SourceQuality "1"]

1. d4 d5 2. Bg5 h6 3. Bh4 c6 4. c3 Qb6 5. Qb3 Bf5 6. e3 Nd7 7. f4 Ngf6 8. h3 Ne4 9. Nf3 e6 10. g4 Bh7 11. Nbd2 f6 12. Nxe4 Bxe4 13. Bg2 Bd6 14. 0-0 Qxb3 15. axb3 g5 16. Bg3 Ke7 17. Kf2 a6 18. fxg5 hxg5 19. Bxd6+ Kxd6 20. Nd2 Bd3 21. Rh1 Rae8 22. e4 e5 23. exd5 exd4 24. dxc6 Re2+ 25. Kg3 Rxd2 26. cxd7 Rxg2+ 27. Kxg2 Be4+ 28. Kg3 Bxh1 29. Rxh1 dxc3 30. Rd1+ Kc7 31. bxc3 Rd8 32. Rf1 Rf8 33. h4 gxh4+ 34. Kxh4 Kxd7 35. Kh5 Ke7 36. Kg6 Rg8+ 37. Kf5 Rg5+ 38. Kf4 Rc5 39. Re1+ Kf7 40. Re3 a5 41. Rh3 b5 42. Ke4 a4 43. bxa4 bxa4 44. Kd4 1/2-1/2

[Event "Sunny Beach op 10th"]
[Site "Sunny Beach"]
[Date "2011.08.28"]
[Round "2"]
[White "Kirchev, Krasimir"]
[Black "Koelbl, Ines"]
[Result "1-0"]
[WhiteElo "2058"]
[BlackElo "1808"]
[PlyCount "51"]
[EventDate "2011.08.27"]
[EventType "swiss"]
[EventRounds "9"]
[EventCountry "BUL"]
[SourceTitle "CBM 144 Extra"]
[Source "ChessBase"]
[SourceDate "2011.10.28"]
[SourceVersion "1"]
[SourceVersionDate "2011.10.28"]
[SourceQuality "1"]

1. d4 Nf6 2. c4 g6 3. Nc3 Bg7 4. e4 d6 5. h3 0-0 6. Be2 Nbd7 7. Be3 e5 8. dxe5 Nxe5 9. Nf3 Nfd7 10. Nxe5 Nxe5 11. 0-0 Be6 12. Qb3 b6 13. Nd5 Qd7 14. Nf4 f5 15. Nxe6 Qxe6 16. exf5 Rxf5 17. f4 Nc6 18. Bg4 Na5 19. Bxf5 gxf5 20. Qd3 Nxc4 21. Bd4 Nxb2 22. Qg3 Qg6 23. Qb3+ Kh8 24. Qxb2 Bxd4+ 25. Qxd4+ Kg8 26. Qd5+ 1-0

[Event "BUL-chT2"]
[Site "Albena"]
[Date "2011.06.05"]
[Round "6.2"]
[White "Vlashki, Nino"]
[Black "Kirchev, Krasimir"]
[Result "1-0"]
[WhiteElo "2243"]
[BlackElo "2037"]
[PlyCount "71"]
[EventDate "2011.06.02"]
[EventType "team-tourn"]
[EventRounds "9"]
[EventCountry "BUL"]
[SourceTitle "CBM 142 Extra"]
[Source "ChessBase"]
[SourceDate "2011.06.27"]
[SourceVersion "1"]
[SourceVersionDate "2011.06.27"]
[SourceQuality "1"]
[WhiteTeam "Blagoevgrad Victory"]
[BlackTeam "Dobrich Energiya 21"]
[WhiteTeamCountry "BUL"]
[BlackTeamCountry "BUL"]

1. g3 g6 2. Bg2 Bg7 3. c4 c5 4. Nc3 Nc6 5. a3 Nf6 6. Rb1 0-0 7. b4 d6 8. d3 a6 9. e3 Bg4 10. f3 Be6 11. e4 Nd7 12. Nge2 f5 13. Nd5 fxe4 14. dxe4 cxb4 15. Nef4 Bf7 16. axb4 b5 17. cxb5 axb5 18. Bh3 Kh8 19. Bb2 Nde5 20. 0-0 Ra2 21. Rf2 Qa8 22. Kg2 Qa7 23. Be6 Nc4 24. Bxg7+ Kxg7 25. Rxa2 Qxa2+ 26. Kh3 g5 27. Bxf7 gxf4 28. Nc3 Qf2 29. Bh5 Nd4 30. Nxb5 Nxb5 31. Qd5 Ne3 32. Qg5+ Kh8 33. Qxe7 Qg2+ 34. Kh4 Qxh2+ 35. Kg5 Qxg3+ 36. Kh6 1-0

[Event "Kesarovski Georgiev Memorial 9th"]
[Site "Sunny Beach"]
[Date "2010.09.03"]
[Round "7"]
[White "Kirchev, Krasimir"]
[Black "Dimov, Danail"]
[Result "1/2-1/2"]
[WhiteElo "2062"]
[BlackElo "1935"]
[PlyCount "119"]
[EventDate "2010.08.28"]
[EventType "swiss"]
[EventRounds "9"]
[EventCountry "BUL"]
[SourceTitle "CBM 138 Extra"]
[Source "ChessBase"]
[SourceDate "2010.10.29"]
[SourceVersion "1"]
[SourceVersionDate "2010.10.29"]
[SourceQuality "1"]

1. Nf3 Nf6 2. d4 g6 3. c4 Bg7 4. Nc3 0-0 5. e4 d6 6. h3 Nbd7 7. Be3 e5 8. dxe5 dxe5 9. Be2 Nh5 10. g3 c6 11. Qd2 Qe7 12. Nh2 Nc5 13. b4 Ne6 14. Bxh5 gxh5 15. Rb1 Nd4 16. Qd1 f5 17. Qxh5 Nc2+ 18. Ke2 Nxe3 19. Kxe3 Qe6 20. Rhd1 Qxc4 21. Rb3 f4+ 22. Kf3 fxg3+ 23. Kxg3 Qf7 24. Qxf7+ Kxf7 25. Ng4 Be6 26. Rb2 Ke7 27. Na4 b6 28. Rc2 Rac8 29. Nc3 h5 30. Ne3 Bh6 31. b5 Bf4+ 32. Kf3 Bxe3+ 33. Kxe3 cxb5 34. Nd5+ Bxd5 35. Rxc8 Rxc8 36. Rxd5 Rc5 37. Rd3 b4 38. Kd2 a5 39. Rg3 Rc4 40. Rg5 Rxe4 41. Rxh5 Kd6 42. Rh8 Kc5 43. h4 Kb5 44. h5 Ka4 45. Rh6 b5 46. Rb6 Rf4 47. Ke3 Rh4 48. h6 Ka3 49. Rxb5 a4 50. Ra5 Rxh6 51. Ke4 Rh2 52. Ke3 Rh1 53. Kd3 Rf1 54. Kc4 Rxf2 55. Kb5 Kxa2 56. Rxa4+ Kb2 57. Rxb4+ Kc2 58. Re4 Rf5 59. Kc5 Kd3 60. Kd5 1/2-1/2

[Event "Albena op"]
[Site "Albena"]
[Date "2010.06.09"]
[Round "7"]
[White "Kirchev, Krasimir"]
[Black "Mishev, Liubomir"]
[Result "0-1"]
[WhiteElo "2104"]
[BlackElo "2189"]
[PlyCount "104"]
[EventDate "2010.06.03"]
[EventType "swiss"]
[EventRounds "9"]
[EventCountry "BUL"]
[SourceTitle "CBM 136 Extra"]
[Source "ChessBase"]
[SourceDate "2010.07.02"]
[SourceVersion "2"]
[SourceVersionDate "2010.07.15"]
[SourceQuality "1"]

1. d4 Nf6 2. Nf3 g6 3. c4 Bg7 4. Nc3 0-0 5. e4 d6 6. h3 Na6 7. Be3 Qe8 8. Be2 c6 9. 0-0 e5 10. dxe5 dxe5 11. a3 Qe7 12. b4 b6 13. Qa4 Bb7 14. Rfd1 Nh5 15. Rd2 Nf4 16. Bf1 Rfd8 17. Rad1 Rxd2 18. Rxd2 Nb8 19. Qd1 Ne6 20. h4 Nf8 21. h5 h6 22. hxg6 fxg6 23. c5 Nbd7 24. Bc4+ Kh7 25. Rd6 b5 26. Ba2 Nf6 27. Qb3 N8d7 28. Re6 Qf8 29. Qd1 Rd8 30. Rd6 Bc8 31. Bg5 Ne8 32. Bxd8 Nxd6 33. Qxd6 Qxd8 34. Qxc6 Nf6 35. Qxb5 Bg4 36. Qe2 Qd7 37. Nd5 Nh5 38. b5 Nf4 39. Nxf4 exf4 40. c6 Qe7 41. Qc4 h5 42. Qf7 Qxa3 43. Nh4 Qd6 44. e5 Qxe5 45. Qxg6+ Kh8 46. c7 f3 47. Qxg4 Qe1+ 48. Kh2 Be5+ 49. g3 Qxf2+ 50. Kh1 Qe1+ 51. Kh2 Qd2+ 52. Kh1 Qc1+ 0-1

[Event "BUL-chT-B 60th"]
[Site "Albena"]
[Date "2010.05.30"]
[Round "5.3"]
[White "Ninov, Ventsislav"]
[Black "Kirchev, Krasimir"]
[Result "1-0"]
[WhiteElo "2264"]
[BlackElo "2104"]
[PlyCount "51"]
[EventDate "2010.05.27"]
[EventType "team-tourn"]
[EventRounds "9"]
[EventCountry "BUL"]
[SourceTitle "CBM 136 Extra"]
[Source "ChessBase"]
[SourceDate "2010.07.02"]
[SourceVersion "2"]
[SourceVersionDate "2010.07.15"]
[SourceQuality "1"]
[WhiteTeam "Lovetch"]
[BlackTeam "Dobrich Energiya 21"]
[WhiteTeamCountry "BUL"]
[BlackTeamCountry "BUL"]

1. e4 Nf6 2. e5 Nd5 3. d4 d6 4. Nf3 Bg4 5. Be2 e6 6. 0-0 Be7 7. h3 Bh5 8. c4 Nb6 9. Nc3 0-0 10. Be3 Nc6 11. exd6 cxd6 12. d5 exd5 13. Nxd5 Nxd5 14. Qxd5 Bg6 15. Rad1 Qc8 16. Nd4 Nxd4 17. Bxd4 Qc6 18. Bf3 Rac8 19. Rfe1 Rfe8 20. Bxa7 Qa6 21. Bd4 Bf8 22. Rxe8 Rxe8 23. Qxb7 Qxa2 24. Qb5 Rc8 25. Bd5 Bc2 26. Qd7 1-0

[Event "Bobotsov Memorial 2nd"]
[Site "Sofia"]
[Date "2010.05.03"]
[Round "5"]
[White "Radulov, Ivan"]
[Black "Kirchev, Krasimir"]
[Result "1-0"]
[WhiteElo "2292"]
[BlackElo "2104"]
[PlyCount "35"]
[EventDate "2010.04.30"]
[EventType "swiss"]
[EventRounds "9"]
[EventCountry "BUL"]
[SourceTitle "CBM 136 Extra"]
[Source "ChessBase"]
[SourceDate "2010.07.02"]
[SourceVersion "2"]
[SourceVersionDate "2010.07.15"]
[SourceQuality "1"]

1. Nf3 Nf6 2. g3 b6 3. Bg2 Bb7 4. 0-0 e6 5. c4 Be7 6. d4 0-0 7. Nc3 d6 8. d5 e5 9. e4 Ne8 10. Be3 Bc8 11. Ne1 f5 12. Nd3 Nf6 13. f4 fxe4 14. Nxe4 Nxe4 15. Bxe4 Nd7 16. fxe5 Nxe5 17. Nxe5 dxe5 18. d6 1-0

[Event "Bobotsov Memorial 2nd"]
[Site "Sofia"]
[Date "2010.05.02"]
[Round "3"]
[White "Kirchev, Krasimir"]
[Black "Rusev, Jeliazko"]
[Result "0-1"]
[WhiteElo "2104"]
[BlackElo "2258"]
[PlyCount "88"]
[EventDate "2010.04.30"]
[EventType "swiss"]
[EventRounds "9"]
[EventCountry "BUL"]
[SourceTitle "CBM 136 Extra"]
[Source "ChessBase"]
[SourceDate "2010.07.02"]
[SourceVersion "2"]
[SourceVersionDate "2010.07.15"]
[SourceQuality "1"]

1. d4 Nf6 2. Bg5 Ne4 3. Bf4 c5 4. f3 Qa5+ 5. c3 Nf6 6. Nd2 cxd4 7. Nb3 Qf5 8. Qxd4 Nc6 9. Qd2 e5 10. Bg5 e4 11. Qf4 Qxf4 12. Bxf4 Nd5 13. e3 Nxf4 14. exf4 d5 15. 0-0-0 Be6 16. g4 g6 17. Bg2 f5 18. Ne2 Bh6 19. Nc5 exf3 20. Bxf3 fxg4 21. Bg2 Bc8 22. Bxd5 Ne7 23. Bxb7 Bxb7 24. Nxb7 0-0 25. Rhf1 Nc6 26. Kc2 Rae8 27. Rd2 Ne5 28. Nd6 Re6 29. Rd5 Nf3 30. Nd4 Nxd4+ 31. Rxd4 Re2+ 32. Kb3 Rb8+ 33. Rb4 Rxb4+ 34. cxb4 Rxh2 35. Nb5 g3 36. Nxa7 g2 37. Rg1 Bxf4 38. a4 Be3 39. Rxg2 Rxg2 40. Nc6 h5 41. b5 h4 42. a5 Rg5 43. Kc4 h3 44. Ne7+ Kf7 0-1